000 00614nam a2200181Ia 4500
008 100921s9999 xx 000 0 und d
082 _b22977
_a891.463 थ 90
100 _aशिरवळकर सुहास.
245 _aअंतीम.
260 _bमनमोहिनी प्रकाशन,पुणे.
_c1990
300 _a232
_bभावे पुस्तक भांडार,पुणे
365 _b75
520 _aललित-कादंबरी.
630 _aअंतीम.
650 _aललित-कादंबरी.
730 _aअंतीम.
942 _cBOOK
999 _c772090
_d772087